| 000 | 00417nam a2200145Ia 4500 | ||
|---|---|---|---|
| 005 | 20251222152041.0 | ||
| 008 | 251222s9999||||xx |||||||||||||| ||spa|| | ||
| 020 | _a9786034038158 | ||
| 082 | _a348.8/E88 | ||
| 100 | _aEspinoza Ochoa, Suehelen | ||
| 245 | 0 | _aPrincipales Pronunciamientos de la Sunat Relacionados con el IGV y el Impuesto a la Renta | |
| 250 | _a1ra ed. | ||
| 264 | _bGaceta JurÃdica | ||
| 942 | _cLIB | ||
| 999 |
_c26048 _d26048 |
||